00670 2200205 4500001002100000005001500021035002000036008004100056245004000097100001400137250000600151260003400157300001200191084001400203082000800217650001400225520020100239990001200440990001200452INLIS00000000000009720240528014719 a0010-0424000073240528 0 ind 1 aKesenian Musik Praktis /cNahary AC aNahary AC a1 aSolo :bTiga Serangkai,c2011 a106 hlm a700 NAH k a700 4aNon Fiksi aBuku pelajaran umum, kitab suci, dan buku pelajaran agama dengan harga yang relatif terjangkau masyarakat umum, kitab suci, dan buku pelajaran agama dengan harga yang relatif terjangkau masyarakat a0732557 a0732558